[Event "Sommerschach 2022 Vereinsspieler"]
[Site "Dortmund"]
[Date "2022.07.13"]
[Round "7.6"]
[White "Webner, Dennis"]
[Black "Jochmann, Christian"]
[Result "1-0"]
[WhiteElo "2136"]
[BlackElo "1995"]
[PlyCount "25"]
[EventDate "2022.07.??"]
[EventType "tourn"]
[EventRounds "7"]
[WhiteTeam "TuS Varrel"]
[BlackTeam "SC Doppelbauer Brambauer"]

1. d4 Nf6 2. Bf4 d5 3. e3 e6 4. Nd2 Bd6 5. Ngf3 O-O 6. Bd3 b6 7. Ne5 Bb7 8. Qf3
Nbd7 9. Qh3 g6 10. Ndf3 Ne4 11. Bxe4 dxe4 12. Ng5 h5 13. Nxe6 1-0

[Event "Sommerschach 2022 Vereinsspieler"]
[Site "Dortmund"]
[Date "2022.07.13"]
[Round "7.7"]
[White "Morawietz, Manuel"]
[Black "Poggemann, Alexander"]
[Result "0-1"]
[WhiteElo "1928"]
[BlackElo "1829"]
[PlyCount "72"]
[EventDate "2022.07.??"]
[EventType "tourn"]
[EventRounds "7"]
[WhiteTeam "SV Unna"]
[BlackTeam "SV Hemer"]

1. d4 Nf6 2. c4 g6 3. Nc3 d5 4. cxd5 Nxd5 5. e4 Nxc3 6. bxc3 Bg7 7. Nf3 c5 8.
Rb1 O-O 9. Be2 Nc6 10. d5 Ne5 11. Nxe5 Bxe5 12. Qd2 Qa5 13. Rb3 Rd8 14. f4 Bg7
15. c4 Qxd2+ 16. Bxd2 e6 17. Bf3 exd5 18. cxd5 c4 19. Rb4 c3 20. Be3 Bd7 21.
Rxb7 Rab8 22. Rxb8 Rxb8 23. O-O c2 24. Rc1 Rb1 25. Kf2 Ba4 26. e5 f6 27. e6 Bf8
28. Be4 Rb2 29. Bd4 Rxa2 30. Bxf6 Ba3 31. d6 Bxc1 32. d7 Be3+ 33. Kf3 Bxd7 34.
exd7 Bb6 35. Bd4 Ra3+ 36. Kg4 c1=Q 0-1

[Event "Sommerschach 2022 Vereinsspieler"]
[Site "Dortmund"]
[Date "2022.07.13"]
[Round "7.8"]
[White "Melmer, Felix"]
[Black "Krug, Michael"]
[Result "1-0"]
[WhiteElo "2031"]
[BlackElo "1891"]
[PlyCount "61"]
[EventDate "2022.07.??"]
[EventType "tourn"]
[EventRounds "7"]
[BlackTeam "SC Wambel"]

1. d4 Nf6 2. c4 e6 3. Bg5 d5 4. cxd5 exd5 5. Nc3 c6 6. e3 Be7 7. Bd3 O-O 8. Qc2
h6 9. Bh4 a5 10. Nge2 Na6 11. a3 Re8 12. O-O b5 13. f3 Bb7 14. e4 b4 15. Na4
dxe4 16. fxe4 Nxe4 17. Bxe4 Bxh4 18. Bh7+ Kh8 19. Rxf7 Re7 20. Raf1 Bf6 21.
Rxe7 Qxe7 22. Nf4 Qe3+ 23. Kh1 Re8 24. Bd3 bxa3 25. Ng6+ Kh7 26. Ne5+ Kh8 27.
Nf7+ Kg8 28. Bc4 Re6 29. Ne5 Bc8 30. Rxf6 gxf6 31. Qg6+ 1-0

[Event "Sommerschach 2022 Vereinsspieler"]
[Site "Dortmund"]
[Date "2022.07.13"]
[Round "7.9"]
[White "Atali, Dogukan"]
[Black "Schulz, Dennis"]
[Result "1/2-1/2"]
[WhiteElo "1811"]
[BlackElo "1599"]
[PlyCount "130"]
[EventDate "2022.07.??"]
[EventType "tourn"]
[EventRounds "7"]
[WhiteTeam "SV Waltrop"]
[BlackTeam "SV Rochade Eving"]

1. e4 e5 2. Nf3 Nc6 3. Bb5 Nf6 4. O-O Nxe4 5. d4 Nd6 6. Bxc6 dxc6 7. dxe5 Ne4
8. Qxd8+ Kxd8 9. Re1 Nc5 10. Nc3 Be6 11. Ng5 Be7 12. Nxe6+ Nxe6 13. Be3 Bc5 14.
f4 Bxe3+ 15. Rxe3 Nxf4 16. Rf1 Ne6 17. Rxf7 Ke8 18. Rf2 Rd8 19. g3 Rf8 20. Ne2
Rxf2 21. Kxf2 Rd2 22. Rc3 Nd4 23. Ke3 Rxe2+ 24. Kxd4 Rxh2 25. Rb3 b6 26. Rc3
Rh6 27. Ke4 Ke7 28. b4 Rg6 29. Kf5 Rh6 30. Ra3 g6+ 31. Ke4 Rh2 32. Rxa7 Kd7 33.
e6+ Kxe6 34. Rxc7 Rxc2 35. Rxh7 Rc4+ 36. Ke3 Rxb4 37. Rc7 Rc4 38. Kd3 Kd6 39.
Rf7 Rg4 40. Rf3 Kd5 41. a3 b5 42. Kc3 c5 43. Kb3 Kd4 44. Kc2 Re4 45. Rd3+ Ke5
46. Rb3 Re2+ 47. Kd1 Rg2 48. Rxb5 Kd4 49. Rb3 c4 50. Rf3 c3 51. Rf6 Rxg3 52. a4
g5 53. a5 Rh3 54. Rd6+ Kc4 55. Rc6+ Kb3 56. Rb6+ Ka4 57. a6 Rh8 58. Kc2 Ka5 59.
Rg6 Kb4 60. Rxg5 Rh2+ 61. Kc1 Ra2 62. Rg8 Rxa6 63. Rb8+ Ka3 64. Kc2 Rc6 65.
Rb3+ Ka4 1/2-1/2

[Event "Sommerschach 2022 Vereinsspieler"]
[Site "Dortmund"]
[Date "2022.07.13"]
[Round "7.10"]
[White "Krause, Dieter"]
[Black "Brügmann, Cedric"]
[Result "1-0"]
[WhiteElo "2030"]
[BlackElo "1626"]
[PlyCount "79"]
[EventDate "2022.07.??"]
[EventType "tourn"]
[EventRounds "7"]
[WhiteTeam "SV Rochade Eving"]
[BlackTeam "SG Bochum"]

1. d4 Nf6 2. Nf3 g6 3. Bg5 Ne4 4. Bh4 Bg7 5. Nbd2 Nf6 6. e4 d6 7. Bc4 O-O 8.
Bb3 c5 9. c3 Nbd7 10. Qe2 Qc7 11. O-O e5 12. dxe5 Nxe5 13. h3 Bd7 14. Rfd1 b5
15. Nf1 Rad8 16. Ne3 Bc6 17. Bxf6 Bxf6 18. Nd5 Bxd5 19. Rxd5 c4 20. Bc2 a6 21.
Rad1 Nxf3+ 22. Qxf3 Be5 23. Qe3 Rfe8 24. f4 Bf6 25. Kh1 h5 26. g4 hxg4 27. hxg4
Kg7 28. g5 Rh8+ 29. Kg2 Be7 30. f5 f6 31. gxf6+ Bxf6 32. Qg3 Be5 33. Qxg6+ Kf8
34. Rxe5 Rg8 35. Re6 Rxg6+ 36. Rxg6 Kf7 37. Kf3 Rg8 38. Rgxd6 Ke7 39. e5 Ke8
40. Be4 1-0

[Event "Sommerschach 2022 Vereinsspieler"]
[Site "Dortmund"]
[Date "2022.07.13"]
[Round "7.11"]
[White "Dahlbeck, Mirko"]
[Black "Payes, Marco"]
[Result "1-0"]
[WhiteElo "2060"]
[BlackElo "1630"]
[PlyCount "49"]
[EventDate "2022.07.??"]
[EventType "tourn"]
[EventRounds "7"]
[WhiteTeam "Sport Union Annen"]
[BlackTeam "SK Holsterhausen"]

1. e4 d6 2. d4 e5 3. Nf3 exd4 4. Nxd4 g6 5. c4 Bg7 6. Nc3 Nf6 7. f3 O-O 8. Be2
Nbd7 9. O-O Re8 10. Bg5 Nf8 11. Qd2 Ne6 12. Nxe6 Bxe6 13. f4 h6 14. Bxf6 Bxf6
15. f5 Bg5 16. Qc2 Bd7 17. Rad1 Be3+ 18. Kh1 Qh4 19. Rd3 Bb6 20. Rh3 Qg5 21.
Rg3 Qh4 22. fxg6 fxg6 23. Rxg6+ Kh8 24. g3 Qe7 25. Qd2 1-0

[Event "Sommerschach 2022 Vereinsspieler"]
[Site "Dortmund"]
[Date "2022.07.13"]
[Round "7.12"]
[White "Buyken, Florian"]
[Black "Ropel, Dennis"]
[Result "1/2-1/2"]
[WhiteElo "1894"]
[BlackElo "1725"]
[PlyCount "149"]
[EventDate "2022.07.??"]
[EventType "tourn"]
[EventRounds "7"]
[WhiteTeam "PSV Duisburg"]
[BlackTeam "SG Mengede"]

1. Nf3 Nf6 2. g3 g6 3. Bg2 Bg7 4. d4 O-O 5. O-O c6 6. c4 d5 7. cxd5 cxd5 8. Nc3
Nc6 9. Ne5 e6 10. f4 a6 11. Be3 h5 12. h3 Bd7 13. Bf2 Rc8 14. e3 Na5 15. g4 Nc4
16. g5 Ne8 17. Rc1 Bxe5 18. dxe5 Nxb2 19. Qe2 Nc4 20. e4 dxe4 21. Nxe4 Bb5 22.
a4 Bxa4 23. Rxc4 Rxc4 24. Qxc4 Bb5 25. Qb4 Bxf1 26. Bxf1 Nc7 27. Qxb7 Nd5 28.
Qxa6 Qa8 29. Qc4 Rc8 30. Qd4 Qb8 31. Bc4 Qb4 32. Bxd5 Qxd4 33. Bxd4 exd5 34.
Nf6+ Kf8 35. Bc5+ Kg7 36. Bd6 d4 37. Ne4 Rc2 38. Nf2 Kg8 39. Kg2 d3 40. Kf3 d2
41. Bb4 Rb2 42. Bc3 Rb3 43. Nd1 Kf8 44. Ke2 Ke7 45. Kxd2 Ke6 46. Ne3 Ra3 47.
Nc2 Ra2 48. Kd3 Ra4 49. Bb4 Kd5 50. Ne3+ Ke6 51. Kc4 Ra1 52. Kd4 Rh1 53. Ke4
Rxh3 54. f5+ gxf5+ 55. Nxf5 Rh2 56. Nd4+ Kd7 57. Be1 Rg2 58. Kf5 Rg1 59. Bh4
Rf1+ 60. Ke4 Rg1 61. Nf3 Rb1 62. Bg3 Ke6 63. Nd4+ Kd7 64. Kf5 Rf1+ 65. Bf4 Ke7
66. Ne2 Rf2 67. Ng3 h4 68. Ne4 Rg2 69. Nf6 h3 70. Ng4 Re2 71. g6 fxg6+ 72. Kxg6
Ke6 73. Kh5 h2 74. Bxh2 Rxh2+ 75. Nxh2 1/2-1/2

[Event "Sommerschach 2022 Vereinsspieler"]
[Site "Dortmund"]
[Date "2022.07.13"]
[Round "7.13"]
[White "Tomasjan, Samuel"]
[Black "Allen, Phillipp"]
[Result "1/2-1/2"]
[WhiteElo "1741"]
[BlackElo "1618"]
[PlyCount "37"]
[EventDate "2022.07.??"]
[EventType "tourn"]
[EventRounds "7"]
[WhiteTeam "SF Brackel"]
[BlackTeam "SV Erkenschwick"]

1. e4 c6 2. d4 d5 3. exd5 cxd5 4. c4 Nf6 5. Nc3 Nc6 6. Bg5 Ne4 7. Bd3 Nxc3 8.
bxc3 g6 9. Nf3 Bg7 10. Be2 Bg4 11. O-O O-O 12. cxd5 Qxd5 13. h3 Bf5 14. c4 Qd6
15. Qd2 Rfd8 16. Rad1 b6 17. d5 Qb4 18. Nh4 Bc3 19. Qc1 1/2-1/2

[Event "Sommerschach 2022 Vereinsspieler"]
[Site "Dortmund"]
[Date "2022.07.13"]
[Round "7.14"]
[White "Raskin, Vitali"]
[Black "Werner, Patrick"]
[Result "1-0"]
[WhiteElo "1680"]
[BlackElo "1885"]
[PlyCount "85"]
[EventDate "2022.07.??"]
[EventType "tourn"]
[EventRounds "7"]
[BlackTeam "SC Hansa Dortmund"]

1. d4 Nf6 2. c4 e6 3. Nf3 b6 4. Bg5 Bb7 5. e3 Be7 6. Nc3 d5 7. cxd5 exd5 8. Bd3
Nbd7 9. O-O O-O 10. Re1 Ne4 11. Bxe7 Qxe7 12. Rc1 Ndf6 13. Ne5 c5 14. f3 Nxc3
15. Rxc3 c4 16. Bb1 b5 17. a3 a5 18. Rc1 Rfd8 19. Qc2 g6 20. Qf2 Qd6 21. f4 b4
22. f5 bxa3 23. bxa3 Ra6 24. fxg6 fxg6 25. a4 Rf8 26. Qg3 Nh5 27. Qg5 Qf6 28.
Qxf6 Nxf6 29. Bc2 Rb6 30. Rb1 Rb4 31. Rf1 Kg7 32. Rf2 Re8 33. Rbf1 Re6 34. g4
g5 35. h4 h6 36. hxg5 hxg5 37. Rf5 Rb2 38. Rxg5+ Kf8 39. Bf5 Reb6 40. Nd7+ Nxd7
41. Bxd7+ Ke7 42. Rg7+ Kd8 43. Bb5 1-0

[Event "Sommerschach 2022 Vereinsspieler"]
[Site "Dortmund"]
[Date "2022.07.13"]
[Round "7.15"]
[White "Scholtyßek, Normann"]
[Black "Echargui, Amin"]
[Result "0-1"]
[WhiteElo "1540"]
[BlackElo "1751"]
[PlyCount "48"]
[EventDate "2022.07.??"]
[EventType "tourn"]
[EventRounds "7"]
[BlackTeam "SG Mengede"]

1. d4 d5 2. c4 c6 3. Nc3 Nf6 4. Nf3 e6 5. Bf4 Bd6 6. Bg3 O-O 7. e3 Re8 8. Be2
dxc4 9. Bxc4 b5 10. Bb3 a6 11. Bxd6 Qxd6 12. O-O c5 13. dxc5 Qxc5 14. Rc1 Qb6
15. a3 Bb7 16. Qe2 Nbd7 17. e4 Rac8 18. Ba2 Red8 19. b4 Nf8 20. Kh1 Ng6 21. g3
Rxc3 22. Rxc3 Nxe4 23. Qe3 Nxc3 24. Qxc3 Qc6 0-1

[Event "Sommerschach 2022 Vereinsspieler"]
[Site "Dortmund"]
[Date "2022.07.13"]
[Round "7.16"]
[White "Schmidt, Ralph"]
[Black "Krolik, Wilfried"]
[Result "1-0"]
[WhiteElo "1960"]
[BlackElo "1540"]
[PlyCount "87"]
[EventDate "2022.07.??"]
[EventType "tourn"]
[EventRounds "7"]
[WhiteTeam "SV Bochum-Linden"]
[BlackTeam "SV Waltrop"]

1. e4 c5 2. Nc3 d6 3. d3 Nf6 4. Be3 e6 5. Be2 Be7 6. f4 Bd7 7. Bf3 e5 8. Nge2
Nc6 9. Ng3 Nd4 10. fxe5 dxe5 11. O-O Nxf3+ 12. Qxf3 Bg4 13. Qf2 b6 14. Nf5 O-O
15. Nxe7+ Qxe7 16. Bg5 Qe6 17. Bxf6 Qxf6 18. Qxf6 gxf6 19. Rxf6 Be6 20. Nb5
Rfc8 21. Raf1 c4 22. d4 exd4 23. Nxd4 Re8 24. R1f3 Bg4 25. Rg3 Rxe4 26. Nf5 Kf8
27. Nd6 Rd4 28. Rxf7+ Kg8 29. Rc7 Rd1+ 30. Kf2 Rf8+ 31. Ke3 h5 32. h3 Rxd6 33.
hxg4 Re8+ 34. Kf4 Rd4+ 35. Kg5 Rd5+ 36. Kh4 hxg4 37. Rxg4+ Kh8 38. Rgxc4 Re2
39. g3 Ra5 40. a4 Ree5 41. b3 Rh5+ 42. Kg4 Rag5+ 43. Kf3 Rh3 44. Rh4+ 1-0

[Event "Sommerschach 2022 Vereinsspieler"]
[Site "Dortmund"]
[Date "2022.07.13"]
[Round "7.18"]
[White "Mücke, Lukas Benedikt"]
[Black "Grube, Jörg"]
[Result "1/2-1/2"]
[WhiteElo "1463"]
[BlackElo "1815"]
[PlyCount "71"]
[EventDate "2022.07.??"]
[EventType "tourn"]
[EventRounds "7"]
[WhiteTeam "SV Waltrop"]
[BlackTeam "FS Dortmund"]

1. e4 c5 2. Nf3 d6 3. d4 cxd4 4. Nxd4 Nf6 5. Nc3 a6 6. Be3 Ng4 7. Bc1 Nf6 8.
Be3 e6 9. a4 Be7 10. Be2 b6 11. Bf3 Nfd7 12. O-O Ne5 13. Be2 Qc7 14. f4 Nc4 15.
Bxc4 Qxc4 16. Nf3 Nd7 17. Qd4 Qxd4 18. Bxd4 O-O 19. Nd2 Rb8 20. Nc4 Nc5 21.
Bxc5 bxc5 22. Rfd1 Rd8 23. a5 Bb7 24. Nb6 Bf6 25. Ra3 Bxc3 26. Rxc3 Bxe4 27.
Kf2 h6 28. g3 g5 29. Rc4 f5 30. fxg5 hxg5 31. Ke3 g4 32. c3 Kf7 33. b4 Bd5 34.
Nxd5 exd5 35. Rxd5 Ke6 36. Rd2 1/2-1/2

[Event "Sommerschach 2022 Vereinsspieler"]
[Site "Dortmund"]
[Date "2022.07.13"]
[Round "7.19"]
[White "Orlowski, Wilfried"]
[Black "Feldhammer, Oskar"]
[Result "0-1"]
[WhiteElo "1544"]
[BlackElo "1718"]
[PlyCount "48"]
[EventDate "2022.07.??"]
[EventType "tourn"]
[EventRounds "7"]
[BlackTeam "Bahn-SC Wuppertal"]

1. d4 d5 2. c4 e6 3. Nf3 Nf6 4. Bg5 Be7 5. e3 O-O 6. Bd3 dxc4 7. Bxc4 c5 8. O-O
cxd4 9. Qxd4 Qc7 10. Be2 Rd8 11. Qc3 Nc6 12. a3 Ne4 13. Qc2 Nxg5 14. Nxg5 Bxg5
15. b4 Bf6 16. Ra2 Qe7 17. Nd2 Bd7 18. Ne4 Rac8 19. Qb3 e5 20. Nc5 Bf5 21. e4
Bg6 22. f3 Nd4 23. Qe3 Bg5 24. Qf2 b6 0-1

[Event "Sommerschach 2022 Vereinsspieler"]
[Site "Dortmund"]
[Date "2022.07.13"]
[Round "7.21"]
[White "Foltin, Alica"]
[Black "Rauschenbusch, Udo"]
[Result "0-1"]
[WhiteElo "1456"]
[BlackElo "1672"]
[PlyCount "46"]
[EventDate "2022.07.??"]
[EventType "tourn"]
[EventRounds "7"]
[WhiteTeam "SV Waltrop"]
[BlackTeam "FS Dortmund"]

1. e4 d6 2. d4 Nf6 3. Nc3 c6 4. Bd3 g6 5. Qe2 Bg7 6. e5 dxe5 7. dxe5 Nd5 8. Bd2
O-O 9. O-O-O Na6 10. h4 Nc5 11. Re1 Nxd3+ 12. Qxd3 Bf5 13. Qg3 Nb4 14. h5 Nxc2
15. Rd1 Qb6 16. hxg6 Bxg6 17. f4 e6 18. Nf3 Ne3 19. Rde1 Nc4 20. b3 Nxd2 21.
Nxd2 Qc5 22. Qh3 Qa3+ 23. Kd1 Rfd8 0-1

[Event "Sommerschach 2022 Vereinsspieler"]
[Site "Dortmund"]
[Date "2022.07.13"]
[Round "7.22"]
[White "Wieschermann, Axel"]
[Black "Schwedhelm, Dennis"]
[Result "1-0"]
[WhiteElo "1630"]
[BlackElo "1227"]
[PlyCount "73"]
[EventDate "2022.07.??"]
[EventType "tourn"]
[EventRounds "7"]
[WhiteTeam "SG Winz-Baak"]
[BlackTeam "SV Erkenschwick"]

1. d4 Nf6 2. c4 g6 3. Nc3 Bg7 4. e4 d6 5. f3 Nbd7 6. Bd3 e5 7. d5 b6 8. Be3 Bb7
9. Nge2 O-O 10. Qd2 Nc5 11. Bc2 a5 12. a4 Na6 13. g4 Nd7 14. Ng3 Nb4 15. h4
Nxc2+ 16. Qxc2 h6 17. h5 g5 18. Nf5 Qf6 19. Ke2 Ba6 20. Nb5 Rfc8 21. Ra2 Bf8
22. b3 Bb7 23. Qd2 c5 24. dxc6 Rxc6 25. Rd1 Nc5 26. Qc3 Rd8 27. Rad2 Ba8 28.
Bxc5 Rxc5 29. Nbxd6 Rc6 30. Nb5 Rxd2+ 31. Qxd2 Rc8 32. Qd7 Qc6 33. Qxc6 Rxc6
34. Rd8 Bb7 35. Ne7+ Kg7 36. Nxc6 Bxc6 37. Nc3 1-0

[Event "Sommerschach 2022 Vereinsspieler"]
[Site "Dortmund"]
[Date "2022.07.13"]
[Round "7.23"]
[White "Stork, Bernhard"]
[Black "Feldhaus, Thomas"]
[Result "1-0"]
[WhiteElo "1451"]
[BlackElo "1690"]
[PlyCount "61"]
[EventDate "2022.07.??"]
[EventType "tourn"]
[EventRounds "7"]
[WhiteTeam "Dortmunder SV"]
[BlackTeam "SV Recklinghausen-Süd"]

1. d4 e6 2. Nf3 d5 3. b3 Nf6 4. Nbd2 Be7 5. e3 O-O 6. Bd3 c5 7. O-O b6 8. Bb2
Bb7 9. Ne5 Nbd7 10. f4 cxd4 11. Bxd4 Nc5 12. g4 Nxd3 13. cxd3 Nd7 14. Ndf3 Nxe5
15. Nxe5 f6 16. Nf3 Rc8 17. Qd2 Qd7 18. h3 Qb5 19. Bb2 Bb4 20. Qe2 Bc3 21. Nd4
Qd7 22. f5 Bxd4 23. fxe6 Bxe3+ 24. Qxe3 Qe7 25. Rf2 Rfe8 26. Re1 Rc6 27. Rfe2
Bc8 28. g5 f5 29. Qe5 Qxg5+ 30. Rg2 Qe7 31. Rxg7+ 1-0

[Event "Sommerschach 2022 Vereinsspieler"]
[Site "Dortmund"]
[Date "2022.07.13"]
[Round "7.24"]
[White "Nguyen, Dang Khoa"]
[Black "Abdo, Alan"]
[Result "0-1"]
[WhiteElo "1222"]
[BlackElo "1641"]
[PlyCount "68"]
[EventDate "2022.07.??"]
[EventType "tourn"]
[EventRounds "7"]
[WhiteTeam "SF Brackel"]
[BlackTeam "SC Listiger Bauer Essen"]

1. e4 e6 2. d4 d5 3. Nd2 Nf6 4. e5 Nfd7 5. c4 c5 6. Nb3 Nc6 7. f4 cxd4 8. Nxd4
Bb4+ 9. Bd2 Bxd2+ 10. Qxd2 Nc5 11. Ngf3 Ne4 12. Nxc6 Nxd2 13. Nxd8 Nxf3+ 14.
gxf3 Kxd8 15. Rd1 Ke7 16. cxd5 exd5 17. Rxd5 Be6 18. Rb5 b6 19. a3 Rhd8 20. Rb4
Rac8 21. Kf2 Rc2+ 22. Ke3 Rdd2 23. b3 Rxh2 24. Rg1 g6 25. Bb5 h5 26. Rd1 h4 27.
Rbd4 Rc3+ 28. Bd3 h3 29. f5 Bxf5 30. Rh4 Rxb3 31. Kd4 Rxd3+ 32. Rxd3 Bxd3 33.
Kxd3 Rh1 34. Kc2 h2 0-1

[Event "Sommerschach 2022 Vereinsspieler"]
[Site "Dortmund"]
[Date "2022.07.13"]
[Round "7.25"]
[White "Lebioda-Dette, Kordula"]
[Black "Borch, Roland"]
[Result "1-0"]
[WhiteElo "1693"]
[BlackElo "1512"]
[PlyCount "55"]
[EventDate "2022.07.??"]
[EventType "tourn"]
[EventRounds "7"]
[WhiteTeam "SF Essen-Werden"]
[BlackTeam "SVG Marten-Bövinghausen"]

1. e4 g6 2. Bc4 Bg7 3. Nf3 d6 4. h3 c6 5. O-O Nf6 6. d3 O-O 7. c3 b5 8. Bb3 a5
9. Bc2 Bd7 10. Be3 Na6 11. d4 Nc7 12. e5 Nfd5 13. Bd2 c5 14. exd6 exd6 15. dxc5
dxc5 16. Qc1 Re8 17. Bh6 Bh8 18. Nbd2 f5 19. Rb1 Qe7 20. c4 Nb4 21. cxb5 Nxa2
22. Bb3+ Be6 23. Bxe6+ Nxe6 24. Qc4 Nb4 25. Rfe1 Bf6 26. Re2 Qf7 27. Rbe1 Nd4
28. Rxe8+ 1-0

[Event "Sommerschach 2022 Vereinsspieler"]
[Site "Dortmund"]
[Date "2022.07.13"]
[Round "7.26"]
[White "Shelukie, Magd"]
[Black "Buchhop, Rainer"]
[Result "1-0"]
[WhiteElo "1637"]
[BlackElo "1493"]
[PlyCount "35"]
[EventDate "2022.07.??"]
[EventType "tourn"]
[EventRounds "7"]
[WhiteTeam "Bergische SF"]
[BlackTeam "SV Unser Fritz"]

1. e4 c5 2. b3 Nc6 3. Bb2 Nf6 4. Nc3 d6 5. f4 g6 6. Nf3 Bg7 7. d3 O-O 8. h3 Nh5
9. Qd2 Bh6 10. Ne2 e5 11. g3 Nd4 12. Nfxd4 cxd4 13. Bg2 exf4 14. O-O Qg5 15.
gxf4 Nxf4 16. Qxf4 Qxg2+ 17. Kxg2 Bxf4 18. Nxf4 1-0

[Event "Sommerschach 2022 Vereinsspieler"]
[Site "Dortmund"]
[Date "2022.07.13"]
[Round "7.27"]
[White "Seewald, Robin"]
[Black "Schacht, Jürgen"]
[Result "1-0"]
[WhiteElo "1335"]
[BlackElo "1548"]
[PlyCount "39"]
[EventDate "2022.07.??"]
[EventType "tourn"]
[EventRounds "7"]
[WhiteTeam "SC Marsberg"]
[BlackTeam "SV Rochade Eving"]

1. e4 d6 2. d4 g6 3. Nf3 Bg7 4. c3 Nf6 5. Nbd2 Nbd7 6. Bc4 e6 7. O-O O-O 8. Re1
Nb6 9. Bb3 c5 10. e5 Ne8 11. exd6 cxd4 12. Nxd4 Nxd6 13. N2f3 Nf5 14. Nxf5 exf5
15. Qxd8 Rxd8 16. Bg5 Rf8 17. Rad1 h6 18. Be3 Nd7 19. Ba4 Rd8 20. Rd2 1-0

[Event "Sommerschach 2022 Vereinsspieler"]
[Site "Dortmund"]
[Date "2022.07.13"]
[Round "7.29"]
[White "Steinke, Hans-Jörg"]
[Black "Schulz, Robin"]
[Result "1-0"]
[WhiteElo "1721"]
[BlackElo "1496"]
[PlyCount "57"]
[EventDate "2022.07.??"]
[EventType "tourn"]
[EventRounds "7"]
[WhiteTeam "SV Erkenschwick"]
[BlackTeam "SC Gerthe - Werne"]

1. d4 d6 2. c4 Nf6 3. Nc3 e5 4. dxe5 dxe5 5. Qxd8+ Kxd8 6. Nf3 Nbd7 7. Bg5 h6
8. Bh4 g5 9. Bg3 e4 10. Ne5 Nxe5 11. Bxe5 Be7 12. Rd1+ Ke8 13. Bxc7 Bf5 14. e3
Rc8 15. Be5 Rg8 16. Be2 Nd7 17. Bd4 Bg6 18. O-O f5 19. Bxa7 f4 20. Bg4 Rd8 21.
Nb5 Ne5 22. Nc7+ Kf7 23. Be6+ Kg7 24. Bxg8 Rxg8 25. exf4 gxf4 26. Ne6+ Kh7 27.
Nxf4 Bf5 28. Rd5 Nf3+ 29. Kh1 1-0

[Event "Sommerschach 2022 Vereinsspieler"]
[Site "Dortmund"]
[Date "2022.07.13"]
[Round "7.30"]
[White "Haufe, Ulrich"]
[Black "Klemm, Joachim"]
[Result "0-1"]
[WhiteElo "1331"]
[BlackElo "1643"]
[PlyCount "74"]
[EventDate "2022.07.??"]
[EventType "tourn"]
[EventRounds "7"]
[WhiteTeam "SU Huckarde-Westerfilde"]
[BlackTeam "SU Huckarde-Westerfilde"]

1. e4 c6 2. f4 d5 3. e5 e6 4. Nf3 Bc5 5. d4 Bb6 6. Be3 Ne7 7. Bf2 Qc7 8. Nbd2
c5 9. dxc5 Bxc5 10. Nd4 Nbc6 11. N2f3 Qb6 12. Rb1 Qa5+ 13. c3 Qxa2 14. Nb5
Bxf2+ 15. Kxf2 O-O 16. Nd6 Nf5 17. Be2 Qa5 18. Nxf5 exf5 19. Nd4 a6 20. Bf3 Be6
21. Qb3 Nxd4 22. cxd4 Qd2+ 23. Kg3 g5 24. h3 Qxf4+ 25. Kf2 Qxd4+ 26. Qe3 Qxe3+
27. Kxe3 Rac8 28. Kd2 f4 29. g4 Rc4 30. h4 Rfc8 31. hxg5 Rd4+ 32. Ke1 Rc2 33.
b3 Rdd2 34. Bd1 Ra2 35. Rc1 Rf2 36. g6 hxg6 37. Rc8+ Bxc8 0-1

[Event "Sommerschach 2022 Vereinsspieler"]
[Site "Dortmund"]
[Date "2022.07.13"]
[Round "7.31"]
[White "Möhrke, Marian Erik"]
[Black "Scholtyßek, Norbert"]
[Result "0-1"]
[WhiteElo "1292"]
[BlackElo "1542"]
[PlyCount "94"]
[EventDate "2022.07.??"]
[EventType "tourn"]
[EventRounds "7"]
[WhiteTeam "Sport Union Annen"]
[BlackTeam "SF Lünen"]

1. e4 d5 2. exd5 Qxd5 3. Nc3 Qa5 4. Nf3 c6 5. d4 Nf6 6. Bd2 Qc7 7. h3 Bf5 8.
Bc4 e6 9. O-O Nbd7 10. Re1 Nb6 11. Bb3 O-O-O 12. Ne2 Nbd5 13. Ng3 Bg6 14. c3
Bd6 15. Ne5 Rdf8 16. Bc2 Nd7 17. Nxg6 hxg6 18. Ne4 Be7 19. Qg4 Rh4 20. Qg3 Qxg3
21. fxg3 Rhh8 22. Rf1 Kd8 23. Rae1 N7f6 24. Nxf6 gxf6 25. c4 Nb6 26. Ba5 Kd7
27. b3 f5 28. Bc3 Bf6 29. Re3 Rd8 30. Rd1 Kc8 31. Red3 Rd7 32. Ba5 Na8 33. d5
exd5 34. cxd5 c5 35. Be1 Rhd8 36. Bf2 b6 37. b4 c4 38. Ra3 Kb7 39. Re3 Nc7 40.
d6 Ne6 41. g4 f4 42. Be4+ Kb8 43. Re2 Rxd6 44. Rxd6 Rxd6 45. Rc2 c3 46. Be1 Rd1
47. Kf2 Bh4+ 0-1

[Event "Sommerschach 2022 Vereinsspieler"]
[Site "Dortmund"]
[Date "2022.07.13"]
[Round "7.32"]
[White "Zabel, Reinhard"]
[Black "Strotmann, Dieter"]
[Result "1-0"]
[WhiteElo "1435"]
[BlackElo "1168"]
[PlyCount "47"]
[EventDate "2022.07.??"]
[EventType "tourn"]
[EventRounds "7"]
[WhiteTeam "SC Doppelbauer Brambauer"]
[BlackTeam "SVG Marten-Bövinghausen"]

1. d4 d5 2. c4 c6 3. Nf3 Bf5 4. e3 Nf6 5. Nc3 e6 6. cxd5 exd5 7. Be2 Bd6 8. O-O
O-O 9. Re1 Qc7 10. Bd3 Bxd3 11. Qxd3 h6 12. e4 dxe4 13. Nxe4 Nxe4 14. Qxe4 Nd7
15. Bd2 Nf6 16. Qh4 Nh7 17. Re2 Qd8 18. Qg4 Qf6 19. Rae1 Qg6 20. Qd7 b5 21. g3
Rfc8 22. Bc3 f5 23. Re6 Nf6 24. Qxd6 1-0

[Event "Sommerschach 2022 Vereinsspieler"]
[Site "Dortmund"]
[Date "2022.07.13"]
[Round "7.33"]
[White "Arnoldi, Ekkehard"]
[Black "Kendziorra, Sascha"]
[Result "0-1"]
[WhiteElo "1576"]
[BlackElo "1379"]
[PlyCount "60"]
[EventDate "2022.07.??"]
[EventType "tourn"]
[EventRounds "7"]
[WhiteTeam "SVG Plettenberg"]

1. d4 Nf6 2. Bf4 d5 3. Nf3 g6 4. c4 Bg7 5. Nc3 O-O 6. Qd2 c6 7. O-O-O Bf5 8.
Bh6 Nbd7 9. Bxg7 Kxg7 10. Nh4 Be6 11. f3 dxc4 12. e4 Nb6 13. e5 Nfd5 14. g4
Nxc3 15. bxc3 Bd5 16. Bg2 e6 17. g5 Nd7 18. f4 b5 19. Bxd5 cxd5 20. Ng2 Rb8 21.
h4 Qa5 22. Rh3 b4 23. cxb4 Rxb4 24. Rb3 Rfb8 25. Rxb4 Rxb4 26. Ne3 Qa3+ 27. Kc2
Rb2+ 28. Kc1 Rxa2+ 29. Kb1 Qb3+ 30. Kc1 Ra1# 0-1

[Event "Sommerschach 2022 Vereinsspieler"]
[Site "Dortmund"]
[Date "2022.07.13"]
[Round "7.34"]
[White "Sieberg, Rolf"]
[Black "Cassel, Silas"]
[Result "1-0"]
[WhiteElo "1891"]
[BlackElo "1172"]
[PlyCount "77"]
[EventDate "2022.07.??"]
[EventType "tourn"]
[EventRounds "7"]
[WhiteTeam "Sport Union Annen"]
[BlackTeam "SF Brackel"]

1. e4 e5 2. Nf3 Nf6 3. Nc3 Bb4 4. Bc4 Nc6 5. O-O d6 6. Re1 Bg4 7. h3 Bh5 8. Nd5
O-O 9. Nxb4 Nxb4 10. c3 Nc6 11. d3 h6 12. g4 Bg6 13. Nh4 Bh7 14. g5 Nd7 15. Qg4
hxg5 16. Bxg5 Nf6 17. Qg2 Nb8 18. Re3 Nbd7 19. Rg3 Kh8 20. Kh2 Qe8 21. Rg1 g6
22. Rf3 Nh5 23. Bh6 Ng7 24. Nf5 Nxf5 25. exf5 Rg8 26. Bxf7 Qxf7 27. fxg6 Qxg6
28. Bg5 Raf8 29. Rg3 Qf7 30. Qxb7 Qxf2+ 31. R1g2 Qb6 32. Qd5 Rf2 33. Rxf2 Qxf2+
34. Rg2 Qf8 35. h4 Qa8 36. Qf7 Qf8 37. Qxd7 Rg7 38. Qe6 Bg8 39. Qh6+ 1-0